Estadísticas para Vence al Imperialismo Brasileño Adivinando Estados

Haz click aquí para intentar la prueba.

Estadísticas generales

  • Esta prueba ha sido intentada 73 veces
  • La puntuación promedio es 48 de 203

Respuestas en el mapa

Las respuestas están codificadas por una escala verde-roja en el mapa de la prueba según el % correcto abajo.
 

Estadísticas de respuestas

Población en millones (relativa)Estado% Correcto
11Río Grande del Sur
96%
17Río de Janeiro
82%
4Amazonas
58%
4Amazonas
56%
46São Paulo
50%
8Pará
34%
21Minas Gerais
30%
14Bahía
28%
21Minas Gerais
28%
11Paraná
22%
1Acre
20%
9Pernambuco
18%
3Mato Grosso
16%
3Mato Grosso
14%
7Maranhão
12%
1Amapá
10%
7Goias
10%
9Ceará
6%
3Distrito Federal
6%
3Piauí
6%
3Rio Grande do Norte
6%
7Santa Catarina
6%
3Alagoas
4%
4Paraiba
4%
2Sergipe
4%
4Espírito Santo
2%
2Mato Grosso del Sur
2%
1Roraima
2%
1Tocantins
2%
17Río de Janeiro
0%
11Río Grande del Sur
0%
1Rondônia
0%

Distribución de puntuación

Porcentaje por número respondido

Porcentaje de gente con cada puntuación

Historial de tus puntuaciones

No has intentado esta prueba.